Arreglos compositivos de música colombiana de sie7e compositores nortesantandereanos /

Bibliographic Details
Main Authors: Torres Ruiz, Sergio Andrés (Author), González Espinosa, Jesús Emilio (Author), González, Leonardo Rafael (Author)
Format: Electronic eBook
Language:Spanish
Published: [Pamplona, Colombia] : Sello Editorial Unipamplona, [2025]
Edition:Primera edición.
Series:Colección Artes (Universidad de Pamplona)
Subjects:
Online Access:Digitalia Hispánica

MARC

LEADER 00000nam a2200000 i 4500
001 DIGUPAMP0087
003 NyNyDIG
007 cr |||||||||||
008 250909s2025 ck g ob 000 0 spa d
006 m o d
035 |a (OCoLC)1536545550 
040 |a DGITA  |b eng  |e rda  |e pn  |c DGITA 
020 |a 9786287656574  |q (digital) 
024 7 |a 10.24054/seu.108  |2 doi 
043 |a s-ck--- 
050 1 4 |a M1356 ebook 
100 1 |a Torres Ruiz, Sergio Andrés,  |e author. 
245 1 0 |a Arreglos compositivos de música colombiana de sie7e compositores nortesantandereanos /  |c Sergio Andrés Torres Ruiz, Jesús Emilio González Espinosa, Leonardo Rafael González. 
246 3 |a Arreglos compositivos de música colombiana de siete compositores nortesantandereanos  
246 3 |a Arreglos compositivos de música colombiana de 7 compositores nortesantandereanos  
250 |a Primera edición. 
264 1 |a [Pamplona, Colombia] :  |b Sello Editorial Unipamplona,  |c [2025] 
300 |a 1 online resource :  |b music. 
336 |a text  |b txt  |2 rdacontent 
337 |a computer  |b c  |2 rdamedia 
338 |a online resource  |b cr  |2 rdacarrier 
347 |a text file  |2 rdaft 
347 |b PDF 
490 1 |a Colección Arte 
504 |a Includes bibliographical references. 
588 0 |a Online resource; title from PDF title page (Digitalia, viewed September 9, 2025) 
650 0 |a Dance orchestra music, Arranged  |z Colombia  |z Norte de Santander. 
700 1 |a González Espinosa, Jesús Emilio,  |e author. 
700 1 |a González, Leonardo Rafael,  |e author. 
791 2 |a Digitalia (Firm),  |e distributor. 
793 0 |g Digitalia eBook Collection:  |a Universidad de Pamplona 
830 0 |a Colección Artes (Universidad de Pamplona) 
856 4 0 |3 Digitalia Hispánica  |u https://www.digitaliapublishing.com/a/175735/ 
910 |a Premium collection: 2025